000 005730000a22002050004500
003 LK-CoMWRAF
005 20231118085627.0
008 230817t1988 ||||| |||| 00| 0 eng d
022 _a10181342
040 _aLK-CoMWRAF
_dLK-CoMWRAF
_eLK-CoMWRAF
041 _aeng
082 _a305.42
_bWOM
110 _aWomen living under muslim laws
245 _aDossier 3
260 _aGrables:
_b International Solidarity Network,
_c1988
300 _a79 p.
650 _aMUSLIM WOMEN-Social conditions--Periodicals
650 _aWomen (Islamic law)--Periodicals
942 _cBK
999 _c1003
_d1003